| 000 | 00560nam a2200205Ia 4500 | ||
|---|---|---|---|
| 008 | 191130s2010##################000#0#eng## | ||
| 020 | _a9780521128513 | ||
| 040 |
_aACL _cACL |
||
| 082 | _a351.1094 ROS | ||
| 100 | _aRose, Richard | ||
| 245 |
_aPublic employment in western nations _cRichard Rose |
||
| 250 | _a1st edition | ||
| 260 |
_aNew York _b[publisher not identified] _c2010 |
||
| 300 | _axv, 265p. ; ill | ||
| 500 | _aIncludes index | ||
| 650 | _aEconomics | ||
| 990 | _af17b9ffcac10000c774f2b81569e2b3f | ||
| 991 | _a128599 | ||
| 999 |
_c47063 _d47063 |
||